000 00575nam a2200217Ia 4500
003 OSt
005 20230518114122.0
008 210423s1989 xx 000 0 und d
040 _cAL
041 _aeng
082 _a338.9
_223
_bGILE
100 _aGILL (Richard T)
_9108102
245 _aEconomic development: past and present
250 _a3
260 _aNew Delhi
_bOxford & IBH
_c1989
365 _b19
_cINR
650 _aEconomics
_9108103
650 _aEconomics of Development
_9108104
906 _adevelopment: ; Economic ; past ; present
942 _2ddc
_cBK
999 _c172391
_d172391